Good practice in Nursery Management (Record no. 8950)

MARC details
000 -LEADER
fixed length control field 00644nam a22002297a 4500
003 - CONTROL NUMBER IDENTIFIER
control field OSt
005 - DATE AND TIME OF LATEST TRANSACTION
control field 20240626162219.0
008 - FIXED-LENGTH DATA ELEMENTS--GENERAL INFORMATION
fixed length control field 240626b |||||||| |||| 00| 0 eng d
020 ## - INTERNATIONAL STANDARD BOOK NUMBER
International Standard Book Number 9780748775484
040 ## - CATALOGING SOURCE
Transcribing agency MUST
082 ## - DEWEY DECIMAL CLASSIFICATION NUMBER
Classification number 372.216 SAD 2004
100 ## - MAIN ENTRY--PERSONAL NAME
Personal name Sadek, Elizabeth
9 (RLIN) 18121
245 ## - TITLE STATEMENT
Title Good practice in Nursery Management
250 ## - EDITION STATEMENT
Edition statement 2nd ed.
260 ## - PUBLICATION, DISTRIBUTION, ETC. (IMPRINT)
Place of publication, distribution, etc. Cheltenham
Name of publisher, distributor, etc. : Nelson Thornes ltd
Date of publication, distribution, etc. ,2004
300 ## - PHYSICAL DESCRIPTION
Extent xv,183p.
Other physical details : ill
Dimensions ; 24 cm
504 ## - BIBLIOGRAPHY, ETC. NOTE
Bibliography, etc includes index
650 ## - SUBJECT ADDED ENTRY--TOPICAL TERM
Source of heading or term Nursery management
650 ## - SUBJECT ADDED ENTRY--TOPICAL TERM
Topical term or geographic name as entry element Good practice - nursery management
9 (RLIN) 18122
700 ## - ADDED ENTRY--PERSONAL NAME
Personal name Jacqueline, Sadek
9 (RLIN) 18123
942 ## - ADDED ENTRY ELEMENTS (KOHA)
Source of classification or shelving scheme Dewey Decimal Classification
Koha item type Open Shelf
Holdings
Withdrawn status Lost status Source of classification or shelving scheme Damaged status Not for loan Home library Current library Date acquired Source of acquisition Total Checkouts Full call number Barcode Date last seen Price effective from Koha item type
    Dewey Decimal Classification     MUST Main Library MUST Main Library 26/06/2024 Donation   372.216 SAD 2004 2024-21471 26/06/2024 26/06/2024 Open Shelf